000 00211nam a2200097Ia 4500
008 190216s9999||||xx |||||||||||||| ||und||
100 _aShanthi Narayan
245 0 _aVector Algebra
260 _bNull
942 _cBK
999 _c12218
_d12218